<?xml version="1.0" encoding="UTF-8"?><record xmlns="http://www.loc.gov/MARC21/slim" xmlns:zs="http://docs.oasis-open.org/ns/search-ws/sruResponse">
  <leader>01372cz  a2200337n  4500</leader>
  <controlfield tag="001">sh 93004015 </controlfield>
  <controlfield tag="003">DLC</controlfield>
  <controlfield tag="005">19991211095202.0</controlfield>
  <controlfield tag="008">930527|| anannbabn          |a ana      </controlfield>
  <datafield ind1=" " ind2=" " tag="010">
    <subfield code="a">sh 93004015 </subfield>
  </datafield>
  <datafield ind1=" " ind2=" " tag="035">
    <subfield code="a">(DLC)sh 93004015</subfield>
  </datafield>
  <datafield ind1=" " ind2=" " tag="035">
    <subfield code="a">(DLC)197727</subfield>
  </datafield>
  <datafield ind1=" " ind2=" " tag="040">
    <subfield code="a">DLC</subfield>
    <subfield code="c">DLC</subfield>
    <subfield code="d">DLC</subfield>
  </datafield>
  <datafield ind1=" " ind2="0" tag="053">
    <subfield code="a">QA314</subfield>
    <subfield code="c">Mathematics</subfield>
  </datafield>
  <datafield ind1=" " ind2="0" tag="053">
    <subfield code="a">QC20.7.F75</subfield>
    <subfield code="c">Mathematical physics</subfield>
  </datafield>
  <datafield ind1=" " ind2=" " tag="150">
    <subfield code="a">Fractional calculus</subfield>
  </datafield>
  <datafield ind1=" " ind2=" " tag="450">
    <subfield code="a">Derivatives and integrals, Fractional</subfield>
  </datafield>
  <datafield ind1=" " ind2=" " tag="450">
    <subfield code="a">Differentiation of arbitrary order, Integration and</subfield>
  </datafield>
  <datafield ind1=" " ind2=" " tag="450">
    <subfield code="a">Differintegration, Generalized</subfield>
  </datafield>
  <datafield ind1=" " ind2=" " tag="450">
    <subfield code="a">Fractional derivatives and integrals</subfield>
  </datafield>
  <datafield ind1=" " ind2=" " tag="450">
    <subfield code="a">Generalized calculus</subfield>
  </datafield>
  <datafield ind1=" " ind2=" " tag="450">
    <subfield code="a">Generalized differintegration</subfield>
  </datafield>
  <datafield ind1=" " ind2=" " tag="450">
    <subfield code="a">Integrals, Fractional derivatives and</subfield>
  </datafield>
  <datafield ind1=" " ind2=" " tag="450">
    <subfield code="a">Integration and differentiation of arbitrary order</subfield>
  </datafield>
  <datafield ind1=" " ind2=" " tag="550">
    <subfield code="w">g</subfield>
    <subfield code="a">Calculus</subfield>
  </datafield>
  <datafield ind1=" " ind2=" " tag="670">
    <subfield code="a">Work cat.: 92-194948: Nishimoto, K. An essence of Nishimoto's fractional calculus ... c1991:</subfield>
    <subfield code="b">p. 22 (integration and differentiation of arbitrary order, generalized differintegration, generalized calculus)</subfield>
  </datafield>
  <datafield ind1=" " ind2=" " tag="670">
    <subfield code="a">Math. subj. classif.</subfield>
    <subfield code="b">(26-XX, Real functions; 26Axx, Functions of one variable; 26A33, Fractional derivatives and integrals)</subfield>
  </datafield>
  <datafield ind1=" " ind2=" " tag="670">
    <subfield code="a">Encyc. math.</subfield>
  </datafield>
  <datafield ind1=" " ind2=" " tag="670">
    <subfield code="a">LC data base, 5/26/93.</subfield>
  </datafield>
  <datafield ind1=" " ind2=" " tag="670">
    <subfield code="a">CompuMath cit. index.</subfield>
  </datafield>
  <datafield ind1=" " ind2=" " tag="675">
    <subfield code="a">Encyc. dict. math.;</subfield>
    <subfield code="a">Eisenreich. Mathematik</subfield>
  </datafield>
</record>
